000 00209 a2200109 4500
020 _a9780545415330
041 _aeng
100 _aLauren Thompson
245 _aMouse loves school
942 _cBK
952 _74
999 _c22238
_d22238